000 00783nam1a22002531i 4500
001 v19\rc\1839132
005 20240726080413.0
035 _a(NLR Aleph) 004933071
090 _a5700580
_c5700580
100 _a20071224d1908 |||y0rusy50 ca
101 0 _arus
102 _aRU
105 _ay z |||||
200 1 _aПеред судом божьим
_e№ 1-
210 _aМосква
_cдухов.-нрав. журн. "Кормчий"
_d1908
215 _d18
311 _aБеспл. прил. к журн. "Кормчий" на 1908 г.
422 0 _12001#$aКормчий$v1908
_tКормчий
801 0 _aRU
_bNLR
_gpsbo
801 0 _aRU
_bRuMoRGB
_2psbo
801 1 _aRU
_bProSoft-M
_2rusmarc
852 _aNLR
_j128/3232
899 _aRuMoRGB (3, 7, 12)
_jU 16/1313
942 _cBOOK